000 01238nam a2200325 i 4500
003 EG-GICUC
005 20260125152106.0
008 260125s1899 fr ||||fr|||| 000 0 fre d
040 _aEG-GiCUC
_bfre
_cEG-GiCUC
_dEG-GiCUC
_eRda
041 _afre
082 0 4 _221
_a341.33
_bFO . C
092 0 4 _221
099 _aLaw1 11 341.33 FO . C 2 ed - 1899
100 1 _aFodéré, P. Pradier
_eAuteur
245 1 0 _aCours De Droit Diplomatique :
_b A L'usage Des Agents Politiques Du Ministère Des Affaires Étrangeres Des États Européens Et Américains,
_nTome Second /
_cPar P. Pradier-fodéré.
250 _aSeconde édition
_bComplètement evne, augmentée et mise au courant d'après les plus récents documenta officiela.
264 1 _aParis :
_bA. Pedone, Éditeur,
_c1899.
300 _a711 page ;
_c 24 cm.
336 _2rda contenu
_a texte
337 _2rda medias
_aOrdinateur
338 _2 transporteur rda
_a Ressource en ligne
504 _aBibliography: pages 200-250. 240-220
546 _aTexte en français
650 1 4 _aDiplomatie
_2qrmak
650 1 4 _aCorps diplomatique
651 1 _2qrmak
856 4 0 _uhttps://fll.law.cu.edu.eg/fulltext/bks/B11-06887.pdf
905 _a79
942 _2ddc
_cBK
_e21
_n0
999 _c59285
_d59285